000 01036nam a2200265Ia 4500
003 OSt
005 20221005105545.0
006 a|||||r|||| 00| 0
007 ta
008 221004b |||||||| |||| 00| 0 san d
020 _a9789386439321 (hbk)
_cINR 600.00
024 _a37390
037 _b378, 10/03/2018, Eastern Book Linkers
_cTextual
040 _aCRL
_cCRL
_bsan
041 _2san
_asan
082 _aO15,1A2:g(R4), Q8
100 _aनूतन आलोक, ले.
245 0 _aविदुरनीति एवं भर्तृहरि-नीतिशतक
_b एक अनुशीलन
246 _aViduranīti evan bhartṛuhari-nītishataka: ek anushīlana
260 _aनई दिल्ली
_bराधा पब्लिकेशन्स भारत
_c2018
300 _a208पृ0
_ccm.
650 _aमहाभारत
942 _hO15,1A2:g(R4), Q8
_cTEXL
_2cc
999 _c1016161
_d1016161